स्वयं अपनाएं तथा औरों को भी बताएं / (Record no. 120252)

MARC details
000 -LEADER
fixed length control field 00966nam a22002297a 4500
005 - DATE AND TIME OF LATEST TRANSACTION
control field 20170124103155.0
010 ## - LIBRARY OF CONGRESS CONTROL NUMBER
LC control number B-168941
020 ## - INTERNATIONAL STANDARD BOOK NUMBER
Terms of availability 150.00
035 ## - SYSTEM CONTROL NUMBER
System control number B-168941
037 ## - SOURCE OF ACQUISITION
Source of stock number/acquisition Cen Lib/Ret
040 ## - CATALOGING SOURCE
Original cataloging agency DPL
Language of cataloging HN
082 ## - DEWEY DECIMAL CLASSIFICATION NUMBER
Classification number 640.4
Item number शर्माक
100 ## - MAIN ENTRY--PERSONAL NAME
Personal name शर्मा, कर्मचंद
9 (RLIN) 89347
245 ## - TITLE STATEMENT
Title स्वयं अपनाएं तथा औरों को भी बताएं /
Statement of responsibility, etc कर्मचंद शर्मा
246 ## - VARYING FORM OF TITLE
Title proper/short title Sawam apnane tatha auron ko bhi batayen /
Remainder of title by Karamchand Sharma
260 ## - PUBLICATION, DISTRIBUTION, ETC. (IMPRINT)
Place of publication, distribution, etc दिल्ली
Name of publisher, distributor, etc हिमाचल बुक्स
Date of publication, distribution, etc 2005
270 ## - ADDRESS
City दिल्ली
Address ई,1/267, सोनिया विहार
Postal code 110094
300 ## - PHYSICAL DESCRIPTION
Extent 88पृ. :
Dimensions 20सेमी(सजिल्द)
Other physical details सचित्र
650 ## - SUBJECT ADDED ENTRY--TOPICAL TERM
Topical term or geographic name as entry element गृह विज्ञान
9 (RLIN) 4735
650 ## - SUBJECT ADDED ENTRY--TOPICAL TERM
Topical term or geographic name as entry element home Science
9 (RLIN) 89348
942 ## - ADDED ENTRY ELEMENTS (KOHA)
Source of classification or shelving scheme Dewey Decimal Classification
Koha item type Hindi Books
Classification part 640.4
Call number suffix शर्माक
Holdings
Withdrawn status Lost status Damaged status Not for loan Home library Current library Date acquired Source of acquisition Cost, normal purchase price Total Checkouts Full call number Barcode Date last seen Copy number Cost, replacement price Price effective from Koha item type Source of classification or shelving scheme
        Central Library Central Library 21/09/2015 Cen Lib/Ref 150.00   640.4 शर्माक B-168941 21/09/2015 1 150.00 21/09/2015 Hindi Books  
        Central Library Central Library 31/10/2016   150.00   640.4 शर्माक B-168942 31/10/2016 2 150.00 31/10/2016 Hindi Books Dewey Decimal Classification

© Delhi Public Library
Hit Counter
free hit counter